Streitgegenstand - Funktion, Theorie, problematische Fälle

Saved in:
Bibliographic Details
Main Author: Piekenbrock, Andreas (Author)
Format: Chapter/Article
Language:German
Published: 2014
In: Europäisches Privatrecht in Vielfalt geeint
Year: 2014, Pages: 133-155
Online Access: Get full text
Author Notes:Andreas Piekenbrock

MARC

LEADER 00000caa a2200000 c 4500
001 1471916618
003 DE-627
005 20220811062529.0
007 tu
008 140304s2014 xx ||||| 00| ||ger c
035 |a (DE-627)1471916618 
035 |a (DE-576)401916618 
035 |a (DE-599)BSZ401916618 
035 |a (OCoLC)1340635917 
040 |a DE-627  |b ger  |c DE-627  |e rakwb 
041 |a ger 
084 |a 19  |2 sdnb 
100 1 |a Piekenbrock, Andreas  |d 1967-  |0 (DE-588)11586590X  |0 (DE-627)513595554  |0 (DE-576)290121280  |4 aut 
245 1 0 |a Streitgegenstand - Funktion, Theorie, problematische Fälle  |c Andreas Piekenbrock 
264 1 |c 2014 
300 |a 23 
336 |a Text  |b txt  |2 rdacontent 
337 |a ohne Hilfsmittel zu benutzen  |b n  |2 rdamedia 
338 |a Band  |b nc  |2 rdacarrier 
773 0 8 |i In  |t Europäisches Privatrecht in Vielfalt geeint  |d München : sellier european law publishers, 2014  |g (2014), Seite 133-155  |h XI, 265 S.  |w (DE-627)731917006  |w (DE-576)377264822  |z 3866532431  |z 9783866532434  |7 nnam  |a Streitgegenstand - Funktion, Theorie, problematische Fälle 
773 1 8 |g year:2014  |g pages:133-155  |g extent:23  |a Streitgegenstand - Funktion, Theorie, problematische Fälle 
951 |a AR 
992 |a 20140818 
993 |a BookComponentPart 
994 |a 2014 
998 |g 11586590X  |a Piekenbrock, Andreas  |m 11586590X:Piekenbrock, Andreas  |d 20000  |d 21000  |e 20000PP11586590X  |e 21000PP11586590X  |k 0/20000/  |k 1/20000/21000/  |p 1  |x j  |y j 
999 |a KXP-PPN1471916618  |e 2811963170 
BIB |a Y 
JSO |a {"name":{"displayForm":["Andreas Piekenbrock"]},"person":[{"family":"Piekenbrock","role":"aut","given":"Andreas","display":"Piekenbrock, Andreas"}],"title":[{"title_sort":"Streitgegenstand - Funktion, Theorie, problematische Fälle","title":"Streitgegenstand - Funktion, Theorie, problematische Fälle"}],"language":["ger"],"origin":[{"dateIssuedKey":"2014","dateIssuedDisp":"2014"}],"id":{"eki":["1471916618"]},"type":{"bibl":"chapter"},"physDesc":[{"extent":"23 S."}],"relHost":[{"id":{"isbn":["3866532431","9783866532434"],"eki":["731917006"]},"title":[{"title_sort":"Europäisches Privatrecht in Vielfalt geeint","subtitle":"der modernisierte Zivilprozess in Europa = Droit privé européen: l'unité dans la diversité ; le procès civil modernisé en Europe","title":"Europäisches Privatrecht in Vielfalt geeint"}],"origin":[{"dateIssuedKey":"2014","publisherPlace":"München","publisher":"sellier european law publishers","dateIssuedDisp":"2014"}],"recId":"731917006","relMultPart":[{"recId":"73819350X","pubHistory":["1.2011 -"],"physDesc":[{"noteFormat":"23 cm"}],"titleTranslated":[{"translated":"Convergence des droits"}],"type":{"bibl":"serial"},"id":{"eki":["73819350X"],"zdb":["2707640-4"]},"origin":[{"dateIssuedKey":"2011","publisherPlace":"München","dateIssuedDisp":"2011-","publisher":"Sellier Europ. Law Publ."}],"title":[{"subtitle":" = Convergence des droits","title_sort":"Konvergenz der Rechte","title":"Konvergenz der Rechte"}],"dispAlt":"Konvergenz der Rechte","disp":"Konvergenz der Rechte","part":{"number":["4"],"number_sort":["4"]},"language":["ger","fre"]}],"physDesc":[{"extent":"XI, 265 S.","noteFormat":"224 mm x 141 mm"}],"titleTranslated":[{"translated":"Droit privé européen: l'unité dans la diversité ; le procès civil modernisé en Europe"}],"type":{"bibl":"edited-book"},"part":{"text":"(2014), Seite 133-155","pages":"133-155","year":"2014","extent":"23"},"disp":"Streitgegenstand - Funktion, Theorie, problematische FälleEuropäisches Privatrecht in Vielfalt geeint","note":["Beitr. teilw. dt., teilw. franz"],"language":["ger","fre"],"name":{"displayForm":["hrsg. von Götz Schulze"]},"person":[{"family":"Schulze","role":"edt","given":"Götz","display":"Schulze, Götz"}]}],"recId":"1471916618"} 
SRT |a PIEKENBROCSTREITGEGE2014